000 01075naa a22003137a 4500
001 BR8900182
003 BR-BrBNA
005 20240918180356.0
007 ta
008 230509b bl.||||| |||| 00| 0 por d
040 _aBR-BrBNA
_bpor
_cBiblioteca Nacional de Agricultura
041 _a(Pt)
072 _aC20
090 _aC20 BR8900182
100 1 _aOttoni, C.M.
100 1 _aMello, A.V. de
100 1 _aArruda, B.K.G. de
100 1 _aFreitas, C.P. de
100 1 _aAguiar, P.
245 1 _aIntegracao entre universidade e industrias
260 3 _aRecife, PE (Brasil):
_c1974.
500 _aSeminario sobre Tecnologia de Alimentos. Conclusoes e recomendacoes (Informe preliminar) Recife, PE (Brasil): 1974. p. 8-12 (BR8900182-AM)C20
650 _aPESQUISA AGRICOLA
650 _aEXTENSAO RURAL
650 _aINDUSTRIA AGRICOLA
773 0 _tSeminario sobre Tecnologia de Alimentos. Conclusoes e recomendacoes (Informe preliminar)
_wC20 BR8900182
_gRecife, PE (Brasil), 1974. p. 8-12
909 _a202404
_bLucia
_c55
_dLucia Elande
942 _cAM
_2AGRIS
999 _c320041
_d320041